000 00824nam a22002417a 4500
008 081212t xxu||||| |||| 00| 0beng d
010 _aENG-99301
020 _c130.00
_a9788190751858
035 _aEN-82833
037 _bDBAD / PUB
040 _adpl
_bEnglish
082 _a005.1
100 _93724
_aSasiKumar, M
245 _aSoftware engineering /
_cby SasiKumar M.
260 _aErode
_bPallavi Pathippagam
_c2008
270 _bEroade
_e11
_aRagd. No. 194, Kanna Complex, Mattur Road,
300 _a158p.
_c22cm (pbk)
600 _aBaba Visakha Singh
_xBiography.
_93725
650 _99374
700 _96162
942 _2ddc
_cEN
_mSAS
_h005.1
999 _c40515
_d40515